000 00213 a2200097 4500
001 29419
100 _aTaylor
245 _aGuinness book of air Facts and feats
260 _a
_bGuinness
_c
090 _c19631
_d19631
942 _aNUST-CAE
_cM
_c10704
999 _c264492
_d264492